000 00764nam a22002177a 4500
999 _c20336
_d20336
003 AR-CdUCM
008 190529b ||||| |||| 00| 0 spa d
040 _aMUNICIPALIDAD PROVINCIAL DEL CUSCO
_cBIBLIOTECA MUNICIPAL DEL CUSCO
082 _a9802.84 /
_bS23
100 _aSarobe, José María
_942518
245 _aIbero América :
_bMensaje a la juventud americana /
260 _aBuenos aires :
_bClaridad,
_c1944.
300 _a99 páginas ;
_c21 cm.
440 _aColección Claridad
_n193
_942519
505 _aContenido: La gloria de la raza ibérica -- La epopeya de la conquista -- Las virtudes guerreras de la raza...
650 _aCultura
_9126
650 _aArgentina
_9511
650 _aSiglo XX
_98
942 _2ddc
_cLIBROS
945 _aJavier